| 000 | 00347cam a22001097a 4500 | ||
|---|---|---|---|
| 008 | 180718b1955 xxu||||| |||| 00| 0 eng d | ||
| 082 | _aI548x54 In2c | ||
| 100 | _aIndia. Press Commission | ||
| 245 |
_aPress Commission report [comments and reactions] _cby Lok Sabha Secretariat |
||
| 260 |
_aNew Delhi _bLok Sabha Secretariat _c1955 |
||
| 300 | _a122+p. | ||
| 999 |
_c393461 _d393461 |
||